Carregant...
The Dalit Movement in India
| Autor principal: | |
|---|---|
| Format: | Printed Book |
| Publicat: |
ND
Centrum Press
2014
|
| Edició: | 1 |
| Matèries: |
| LEADER | 00425 a2200121 4500 | ||
|---|---|---|---|
| 020 | |a 9789350845127 | ||
| 100 | |a Singh, A K | ||
| 245 | |a The Dalit Movement in India |c by Singh, A K | ||
| 250 | |a 1 | ||
| 260 | |a ND |b Centrum Press |c 2014 | ||
| 650 | |a Anthropology | ||
| 999 | |c 283773 |d 283773 | ||
| 952 | |0 0 |1 0 |2 ddc |4 0 |6 301_700000000000000_SIN_D |7 0 |9 321852 |a FLK |b FLK |c ST1 |d 2015-07-31 |e BK |g 0.00 |i 4334 |l 0 |o 301.7 SIN / D |p FLK4334 |r 2016-01-29 |w 2016-01-29 |y BK | ||